| 000 | 01384nam a22003857a 4500 | ||
|---|---|---|---|
| 999 |
_c200459913 _d78125 |
||
| 003 | TR-AnTOB | ||
| 005 | 20240424164322.0 | ||
| 008 | 240424b ||||| |||| 00| 0 tur d | ||
| 020 | _z9781499480580 | ||
| 020 | _a9781499480528 (ebook) | ||
| 040 |
_aTR-AnTOB _beng _erda _cTR-AnTOB |
||
| 041 | _aeng | ||
| 050 | 4 |
_aPR6073.O578 _b.C563 2017 |
|
| 092 | _a813.6 BRO 2020 | ||
| 100 | _0Grimm Brothers | ||
| 245 | 0 | 0 |
_aCinderella _cillustrated by Val Biro. |
| 264 | 1 |
_aNew York, NY : _bWindmill Books, _c2017. |
|
| 300 |
_a[24 pages] : _billustrations. _c19 cm. |
||
| 336 |
_atext _btxt _2rdacontent |
||
| 337 |
_acomputer _bc _2rdamedia |
||
| 338 |
_aonline resource _bcr _2rdacarrier |
||
| 490 | 1 | _aFamous Tales | |
| 588 | _aDescription based on print version record. | ||
| 590 | _aElectronic reproduction. Ann Arbor, MI : ProQuest, 2018. Available via World Wide Web. Access may be limited to ProQuest affiliated libraries. | ||
| 600 | 0 | 0 |
_aCinderella _c(Legendary character) _vJuvenile fiction. |
| 653 | _aCinderella | ||
| 655 | 4 | _aElectronic books. | |
| 700 | 1 |
_aBiro, Val, _d1921-2014, _eillustrator. |
|
| 776 | 0 | 8 |
_iPrint version: _tCinderella. _dNew York, NY : Windmill Books, c2017 _h24 pages _kFamous tales. _z9781499480580 |
| 797 | 2 | _aProQuest (Firm) | |
| 830 | 0 | _aFamous tales. | |
| 942 |
_2ddc _cBK |
||